Alternatívne teórie participácie

Spoločenské vedy vyvinuli pojem skupinová dynamika - sústreďuje sa na členov skupiny. Manažéri prijali 2 odlišné modely participácie: model ľudských vzťahov, model ľudských zdrojov.

Saved in:
Bibliographic Details
Main Author: Bosáková, Mária
Format: Book Chapter
Language:Slovak
Subjects:
Tags: Add Tag
No Tags, Be the first to tag this record!

MARC

LEADER 00000naa a2200000 4500
001 r016086
005 20221213082342.9
041 0 |a slo 
044 |a CZ 
245 1 0 |a Alternatívne teórie participácie  |c M. Bosáková 
520 |a Spoločenské vedy vyvinuli pojem skupinová dynamika - sústreďuje sa na členov skupiny. Manažéri prijali 2 odlišné modely participácie: model ľudských vzťahov, model ľudských zdrojov. 
610 2 0 |a zdroje ľudské 
610 2 0 |a vzťahy medziľudské 
610 2 0 |a modely 
610 2 0 |a zamestnanci 
610 2 0 |a manažéri 
100 1 |a Bosáková, Mária